000 00514cam a2200169 4500500
005 20260329003249.0
041 _afre
042 _adc
100 1 0 _aPersonne, Thomas
_eauthor
245 0 0 _aQuand les dieux sont en guerre
260 _c2015.
500 _a84
690 _aDivinité
690 _aTobie Nathan
786 0 _nPhilosophie magazine | 88 | 4 | 2015-04-01 | p. 66-66 | 1951-1787
856 4 1 _uhttps://shs.cairn.info/magazine-philosophie-magazine-2015-4-page-66?lang=fr&redirect-ssocas=7080
999 _c1822943
_d1822943